000 00650nam a2200205 u 4500
005 20240314063636.0
008 080522s2007 ea r 000 0 spa d
020 _a1404272186
035 _aUPN01000156163
049 _aI
050 4 _aPZ10.3
_bO2.7
100 1 _aO'Donnell, Kerri,
_d1972-
_940035
245 1 3 _aEl rey del pantano /
_cKerri O'Donnell ; tr. MarĂ­a Cristina Brusca.
260 _aNew York :
_bRosen Classroom Books & Materials,
_c2007.
300 _a16 p. :
_bil. col.
440 0 _aLecturas del barrio
650 4 _aCuentos infantiles estadounidenses
_910762
650 0 _aAnimales
_vCuentos y leyendas
_9234
905 _aInfantil
999 _c128277
_d128277